[Event "Weihnachtsopen (M)"]
[Site "Zürich"]
[Date "2011.12.26"]
[Round "1"]
[White "Grachev, Boris"]
[Black "Studer, Noèl"]
[Result "1-0"]
[WhiteElo "2696"]
[BlackElo "2181"]
[PlyCount "89"]
[EventDate "2011.12.26"]
[SourceDate "2011.12.26"]

1. c4 Nf6 2. Nc3 e6 3. e4 d5 4. e5 d4 5. exf6 dxc3 6. bxc3 Qxf6 7. Nf3 c5 8. d4
cxd4 9. Bg5 Qf5 10. cxd4 Bb4+ 11. Bd2 Qa5 12. Bd3 Nc6 13. Rb1 Bxd2+ 14. Qxd2
Qxd2+ 15. Kxd2 O-O 16. Be4 Rd8 17. Ke3 f6 18. Rb5 Rd6 19. Rhb1 Ne7 20. Ra5 g5
21. g3 Nc6 22. Rc5 Kf7 23. h4 g4 24. Bxc6 Rxc6 25. Rxc6 bxc6 26. Nd2 h5 27. Ne4
Ke7 28. Kf4 Ba6 29. Rb4 Bc8 30. a3 Ba6 31. Ra4 Bc8 32. Ra5 f5 33. Nc5 Kf6 34.
Nd3 Bb7 35. Ke3 a6 36. Nf4 Rh8 37. Kd3 Rh7 38. Kc3 Ke7 39. Re5 Bc8 40. Kb4 Kd6
41. c5+ Ke7 42. Ka5 Kf6 43. Kb6 Rd7 44. Rxe6+ Kf7 45. Rd6 1-0

[Event "Weihnachtsopen (M)"]
[Site "Zürich"]
[Date "2011.12.26"]
[Round "1"]
[White "Halkias, Stelios"]
[Black "Di Fonzo, Valerio"]
[Result "1-0"]
[WhiteElo "2593"]
[BlackElo "2154"]
[PlyCount "69"]
[EventDate "2011.12.26"]
[SourceDate "2011.12.26"]

1. d4 Nf6 2. Nf3 g6 3. c4 Bg7 4. Nc3 d5 5. Bg5 dxc4 6. e4 c5 7. d5 b5 8. e5 b4
9. exf6 exf6 10. Be3 bxc3 11. bxc3 Qa5 12. Nd2 f5 13. Bxc4 Nd7 14. O-O Qxc3 15.
Rc1 Qf6 16. Bb5 O-O 17. Bc6 Rb8 18. Qa4 Rb4 19. Qxa7 f4 20. Bxc5 Nxc5 21. Qxc5
Rb2 22. Nf3 Rxa2 23. d6 Bg4 24. d7 Bxf3 25. Bxf3 Qd4 26. Qxd4 Bxd4 27. Rc8 Bb6
28. Rb1 Bd8 29. g3 fxg3 30. hxg3 Rd2 31. Bc6 Rd6 32. Rbb8 Kg7 33. Rxd8 Rxd8 34.
Rxd8 Rxc6 35. Rc8 1-0

[Event "Weihnachtsopen (M)"]
[Site "Zürich"]
[Date "2011.12.26"]
[Round "1"]
[White "Simon, Ralf-Axel"]
[Black "Bartel, Mateusz"]
[Result "0-1"]
[WhiteElo "2168"]
[BlackElo "2653"]
[PlyCount "46"]
[EventDate "2011.12.26"]
[SourceDate "2011.12.26"]

1. c4 e6 2. d4 d5 3. Nf3 Nf6 4. g3 dxc4 5. Bg2 Bd7 6. Ne5 Bc6 7. Nxc6 Nxc6 8.
Qa4 Qd7 9. Qxc4 Nxd4 10. Bxb7 Rb8 11. Bg2 Bb4+ 12. Nd2 O-O 13. e3 Nf5 14. Qc2
Ng4 15. Bc6 Qd6 16. Ke2 Ne5 17. Be4 Rfd8 18. Rd1 Qa6+ 19. Ke1 Nd6 20. Bxh7+ Kh8
21. f4 Ndc4 22. fxe5 Nxe3 23. Qe4 Qf1# 0-1

[Event "Weihnachtsopen (M)"]
[Site "Zürich"]
[Date "2011.12.26"]
[Round "1"]
[White "Kurnosov, Igor"]
[Black "Cremer, Kevin"]
[Result "1-0"]
[WhiteElo "2648"]
[BlackElo "2163"]
[PlyCount "45"]
[EventDate "2011.12.26"]
[SourceDate "2011.12.26"]

1. e4 e6 2. d4 d5 3. Nc3 Nf6 4. e5 Nfd7 5. f4 c5 6. Nf3 Nc6 7. Be3 cxd4 8. Nxd4
Bc5 9. Qd2 O-O 10. O-O-O Nxd4 11. Bxd4 a6 12. Qe3 Qc7 13. Bd3 Bxd4 14. Qxd4 b5
15. Rhe1 Qc5 16. Ne2 Bb7 17. f5 Rac8 18. Qf4 f6 19. fxe6 fxe5 20. Qg3 e4 21.
exd7 Rc6 22. d8=Q Rxd8 23. Bxe4 1-0

[Event "Weihnachtsopen (M)"]
[Site "Zürich"]
[Date "2011.12.26"]
[Round "1"]
[White "David, Alberto"]
[Black "Cavaletto, Massimo"]
[Result "1-0"]
[WhiteElo "2597"]
[BlackElo "2157"]
[PlyCount "47"]
[EventDate "2011.12.26"]
[SourceDate "2011.12.26"]

1. d4 e6 2. Nf3 f5 3. g3 Nf6 4. Bg2 Be7 5. O-O O-O 6. b3 d6 7. Bb2 Ne4 8. Nfd2
d5 9. c4 Bf6 10. Na3 Nc6 11. e3 Bd7 12. Nc2 a5 13. f3 Nd6 14. Ne1 Be8 15. Nd3
Nb4 16. Nf4 Bf7 17. a3 Nc6 18. Nd3 Qe7 19. Qc2 e5 20. cxd5 Bxd5 21. Qc5 Qe6 22.
e4 fxe4 23. fxe4 Bg5 24. exd5 1-0

[Event "Weihnachtsopen (M)"]
[Site "Zürich"]
[Date "2011.12.26"]
[Round "1"]
[White "Ghaem Maghami, Ehsan"]
[Black "Bischoff"]
[Result "1-0"]
[WhiteElo "2580"]
[BlackElo "2134"]
[PlyCount "63"]
[EventDate "2011.12.26"]
[SourceDate "2011.12.26"]

1. c4 e5 2. Nc3 Nf6 3. Nf3 d6 4. d4 Nbd7 5. e4 g6 6. g3 Bg7 7. Bg2 O-O 8. O-O
c6 9. h3 Nh5 10. Re1 Qe8 11. b3 exd4 12. Nxd4 Qe5 13. Be3 Nc5 14. Rc1 Ne6 15.
Nde2 Qa5 16. Qd2 Nf6 17. Rcd1 Ne8 18. Bh6 Bd7 19. Bxg7 Kxg7 20. Qe3 Rd8 21. Rd2
Bc8 22. Red1 f6 23. f4 a6 24. Nd4 Nxd4 25. Rxd4 Qc5 26. Na4 Qh5 27. g4 Qh4 28.
c5 h5 29. cxd6 Bd7 30. e5 hxg4 31. e6 gxh3 32. Qxh3 1-0

[Event "Weihnachtsopen (M)"]
[Site "Zürich"]
[Date "2011.12.26"]
[Round "1"]
[White "Miezis, Normunds"]
[Black "Issler, Christian"]
[Result "1-0"]
[WhiteElo "2547"]
[BlackElo "2120"]
[PlyCount "59"]
[EventDate "2011.12.26"]
[SourceDate "2011.12.26"]

1. c4 e5 2. Nc3 Bb4 3. g3 Nc6 4. Nd5 Be7 5. Bg2 d6 6. e3 Nf6 7. Ne2 O-O 8. O-O
Be6 9. d4 Bxd5 10. cxd5 Nb8 11. dxe5 dxe5 12. d6 Bxd6 13. Bxb7 Nbd7 14. Bxa8
Qxa8 15. f3 Nb6 16. e4 Qc6 17. Kg2 a5 18. Qd3 Rb8 19. b3 Nfd7 20. Be3 a4 21.
Rfc1 Qb7 22. Rab1 Ba3 23. Rd1 Qc6 24. bxa4 Qxa4 25. Nc3 Qc6 26. Nd5 Bd6 27.
Rdc1 Qa8 28. Nxb6 Nxb6 29. Bxb6 Qxa2+ 30. Bf2 1-0

[Event "Weihnachtsopen (M)"]
[Site "Zürich"]
[Date "2011.12.26"]
[Round "1"]
[White "Adamantidis, P."]
[Black "Pikula, D."]
[Result "1-0"]
[WhiteElo "2113"]
[BlackElo "2535"]
[PlyCount "97"]
[EventDate "2011.12.26"]
[SourceDate "2011.12.26"]

1. d4 Nf6 2. c4 c5 3. d5 b5 4. cxb5 a6 5. bxa6 g6 6. Nc3 Bxa6 7. e4 Bxf1 8.
Kxf1 d6 9. g3 Bg7 10. Kg2 O-O 11. h3 Nbd7 12. Nf3 Qa5 13. Qc2 Nb6 14. Rb1 Nfd7
15. Bg5 Rfe8 16. Rhc1 Bxc3 17. Qxc3 Qxc3 18. Rxc3 Rxa2 19. b4 Na4 20. Rcc1 f6
21. Be3 Ra8 22. g4 g5 23. Kg3 Ra3 24. Kg2 Kf7 25. bxc5 Naxc5 26. Rc4 R3a4 27.
Rbb4 Ra2 28. e5 fxe5 29. Bxc5 Nxc5 30. Nxe5+ Kf6 31. Nc6 Nd3 32. Rb3 Nxf2 33.
Rf3+ Kg7 34. Rxf2 Rxf2+ 35. Kxf2 Ra2+ 36. Kg3 Ra3+ 37. Kg2 Ra2+ 38. Kf3 Ra3+
39. Ke2 Rxh3 40. Nxe7 Kf6 41. Re4 h5 42. Re6+ Kf7 43. Nf5 hxg4 44. Nxd6+ Kf8
45. Ne4 Rh2+ 46. Ke1 Rh1+ 47. Ke2 Rh2+ 48. Kd3 Rh3+ 49. Kc4 1-0

[Event "Weihnachtsopen (M)"]
[Site "Zürich"]
[Date "2011.12.27"]
[Round "2"]
[White "Klauser, Markus"]
[Black "Bous, Florian"]
[Result "1-0"]
[WhiteElo "2364"]
[BlackElo "2128"]
[PlyCount "37"]
[EventDate "2011.12.26"]
[SourceDate "2011.12.26"]

1. e4 e5 2. Nf3 Nc6 3. Bb5 a6 4. Ba4 Nf6 5. d3 b5 6. Bb3 Bc5 7. Nc3 d6 8. Nd5
h6 9. c3 Be6 10. O-O O-O 11. d4 Nxe4 12. dxc5 Nxc5 13. Bc2 f5 14. b4 Nd7 15.
Bb3 Kh8 16. Nf4 Bxb3 17. Ng6+ Kg8 18. Qxb3+ Rf7 19. Nh8 1-0

[Event "Weihnachtsopen (M)"]
[Site "Zürich"]
[Date "2011.12.27"]
[Round "2"]
[White "Schiendorfer, Emanuel"]
[Black "Fridman, Daniel"]
[Result "0-1"]
[WhiteElo "2363"]
[BlackElo "2661"]
[PlyCount "46"]
[EventDate "2011.12.26"]
[SourceDate "2011.12.26"]

1. d4 e6 2. c4 Bb4+ 3. Nd2 d5 4. a3 Be7 5. Ngf3 Nf6 6. Qc2 Nbd7 7. e4 dxe4 8.
Nxe4 Nxe4 9. Qxe4 Nf6 10. Qc2 b6 11. Bg5 Bb7 12. O-O-O h6 13. Be3 O-O 14. Ne5
c5 15. Rg1 Qc7 16. g4 cxd4 17. Bxd4 Rad8 18. g5 Rxd4 19. Rxd4 Qxe5 20. gxf6
Bxf6 21. Rdg4 Bf3 22. Bd3 Bxg4 23. Rxg4 Qe1+ 0-1

[Event "Weihnachtsopen (M)"]
[Site "Zürich"]
[Date "2011.12.27"]
[Round "2"]
[White "Kraidman, Yair"]
[Black "David, Alberto"]
[Result "0-1"]
[WhiteElo "2267"]
[BlackElo "2597"]
[PlyCount "48"]
[EventDate "2011.12.26"]
[SourceDate "2011.12.26"]

1. d4 Nf6 2. c4 e6 3. Nf3 d5 4. Nc3 Bb4 5. e3 O-O 6. Qc2 c5 7. a3 Bxc3+ 8. Qxc3
cxd4 9. exd4 dxc4 10. Bxc4 b6 11. O-O Bb7 12. Ne5 Nc6 13. Be3 Rc8 14. Nxc6 Rxc6
15. Qb3 Qc7 16. Be2 Rc8 17. h3 Nd5 18. Bd2 Qd8 19. Rac1 Ne7 20. Bc3 R6c7 21.
Qd1 Nf5 22. Bd3 Qd5 23. f3 Ne3 24. Bxh7+ Kh8 0-1

[Event "Weihnachtsopen (M)"]
[Site "Zürich"]
[Date "2011.12.27"]
[Round "2"]
[White "Karrer, Damian"]
[Black "Sanikidze, Tornike"]
[Result "0-1"]
[WhiteElo "2181"]
[BlackElo "2531"]
[PlyCount "58"]
[EventDate "2011.12.26"]
[SourceDate "2011.12.26"]

1. e4 c5 2. Nf3 d6 3. d4 cxd4 4. Qxd4 Nc6 5. Bb5 Qa5+ 6. Nc3 Bd7 7. Bxc6 bxc6
8. O-O e5 9. Qd3 h6 10. Nd2 Be6 11. Nc4 Qb4 12. b3 Nf6 13. Bd2 Bxc4 14. bxc4
Qb7 15. Rab1 Qd7 16. Rb3 Be7 17. Rfb1 O-O 18. Rb7 Qe6 19. Nd5 cxd5 20. cxd5 Qg4
21. f3 Qc8 22. Rxe7 Nd7 23. Bb4 Rb8 24. Rb3 Rxb4 25. Rxb4 Qc5+ 26. Kf1 Qxb4 27.
Rxd7 Rc8 28. Rxa7 Qb1+ 29. Kf2 Qb6+ 0-1

[Event "Weihnachtsopen (M)"]
[Site "Zürich"]
[Date "2011.12.27"]
[Round "2"]
[White "Stucki, Ramon"]
[Black "Moor, Oliver"]
[Result "0-1"]
[WhiteElo "2045"]
[BlackElo "2370"]
[PlyCount "78"]
[EventDate "2011.12.26"]
[SourceDate "2011.12.26"]

1. e4 e6 2. d4 d5 3. exd5 exd5 4. Bd3 Nc6 5. Nf3 Bg4 6. c3 Bd6 7. O-O Nge7 8.
Bg5 f6 9. Bh4 h5 10. Nbd2 Qd7 11. Qc2 Bf5 12. Bg3 Bxd3 13. Qxd3 Kf7 14. Bxd6
Qxd6 15. Nh4 g5 16. Nf5 Qd7 17. Nxe7 Nxe7 18. f4 g4 19. Rf2 Qf5 20. Qb5 b6 21.
Re1 Rae8 22. Nf1 c6 23. Qb4 Nc8 24. Ne3 Qd3 25. Rfe2 Re4 26. g3 Rhe8 27. Kf2
Qa6 28. Qb3 Nd6 29. Qc2 Qxa2 30. Qd3 Qa5 31. b4 Qb5 32. Qc2 R8e7 33. Ra1 Kg7
34. c4 dxc4 35. Rd1 Kf7 36. Rdd2 Qxb4 37. d5 c5 38. Re1 Qb3 39. Nxc4 Qxc4 (
39... Qf3+ 40. Kg1 Rxe1#) 0-1

[Event "Weihnachtsopen (M)"]
[Site "Zürich"]
[Date "2011.12.27"]
[Round "2"]
[White "Fernandez, Daniel"]
[Black "Paul, Mathias"]
[Result "1-0"]
[WhiteElo "2344"]
[BlackElo "2082"]
[PlyCount "49"]
[EventDate "2011.12.26"]
[SourceDate "2011.12.26"]

1. e4 c5 2. Nf3 e6 3. d4 cxd4 4. Bg5 Qa5+ 5. Nbd2 Nc6 6. Bd3 h6 7. Bh4 g5 8.
Bg3 g4 9. Nh4 Bb4 10. a3 Bxd2+ 11. Qxd2 Qxd2+ 12. Kxd2 Nge7 13. Bd6 b6 14. b4
Rg8 15. h3 f6 16. hxg4 Rxg4 17. Nf3 Rxg2 18. Ke2 Rg7 19. Rxh6 Kf7 20. Rg1 Ng8
21. Rhh1 Bb7 22. e5 Nce7 23. Rxg7+ Kxg7 24. Rh7+ Kf8 25. Bg6 1-0

[Event "Weihnachtsopen (M)"]
[Site "Zürich"]
[Date "2011.12.27"]
[Round "2"]
[White "Hugentobler, Patrik"]
[Black "Remensberger, Hansulli"]
[Result "0-1"]
[WhiteElo "2290"]
[BlackElo "2113"]
[PlyCount "30"]
[EventDate "2011.12.26"]
[SourceDate "2011.12.26"]

1. e4 e6 2. d4 d5 3. Nc3 Nc6 4. e5 f6 5. f4 fxe5 6. fxe5 Qh4+ 7. g3 Qxd4 8. Bd3
Qxe5+ 9. Nge2 Qh5 10. Nb5 Bd6 11. c4 Nf6 12. Nxd6+ cxd6 13. Qb3 O-O 14. Bd2 Ne5
15. cxd5 Qf3 0-1

[Event "Weihnachtsopen (M)"]
[Site "Zürich"]
[Date "2011.12.27"]
[Round "2"]
[White "Berger, Stefan"]
[Black "Eidinger, Helmut"]
[Result "0-1"]
[WhiteElo "2028"]
[BlackElo "2126"]
[PlyCount "75"]
[EventDate "2011.12.26"]
[SourceDate "2011.12.26"]

1. d4 Nf6 2. Nf3 g6 3. Bf4 Bg7 4. e3 O-O 5. Be2 d6 6. O-O c5 7. c3 Nbd7 8. Nbd2
b6 9. a4 Bb7 10. a5 h6 11. h3 Re8 12. Bh2 e5 13. Nc4 Ne4 14. a6 Bc6 15. d5 Bb5
16. Qb3 Bxc4 17. Bxc4 Rc8 18. Qc2 f5 19. Bb5 Rf8 20. Ra4 Rc7 21. Nd2 Ndf6 22.
Nb1 Kh7 23. Rd1 Re7 24. Na3 Ne8 25. Bc6 Nc7 26. f3 Nf6 27. Bg3 Nd7 28. b4 Bf6
29. e4 Bg5 30. Bf2 fxe4 31. bxc5 bxc5 32. Rxe4 Nb8 33. h4 Bf6 34. h5 Rg7 35.
hxg6+ Rxg6 36. Rg4 Bg5 37. Nb5 Nxc6 38. dxc6 0-1

[Event "Weihnachtsopen (M)"]
[Site "Zürich"]
[Date "2011.12.27"]
[Round "3"]
[White "Kessler, Luca"]
[Black "Papa, Severin"]
[Result "0-1"]
[WhiteElo "2241"]
[BlackElo "2392"]
[PlyCount "64"]
[EventDate "2011.12.26"]
[SourceDate "2011.12.26"]

1. d4 d5 2. c4 c6 3. Nc3 Nf6 4. e3 g6 5. Nf3 Bg7 6. Bd3 O-O 7. O-O dxc4 8. Bxc4
Nbd7 9. e4 Nb6 10. Bb3 Bg4 11. Be3 e5 12. dxe5 Nfd7 13. h3 Bxf3 14. Qxf3 Nxe5
15. Qe2 Qd3 16. Rfd1 Qxe2 17. Nxe2 Rfd8 18. Bd4 Nec4 19. Bxc4 Nxc4 20. Bxg7
Kxg7 21. b3 Nb2 22. Rd4 Rxd4 23. Nxd4 Rd8 24. Nf3 Kf6 25. Kf1 Rd1+ 26. Rxd1
Nxd1 27. a4 Nc3 28. Nd2 Ke5 29. Nc4+ Kd4 30. f3 Nxa4 31. Nd6 Nc5 32. b4 Nd3 0-1

[Event "Weihnachtsopen (M)"]
[Site "Zürich"]
[Date "2011.12.27"]
[Round "3"]
[White "Ghaem Maghami , Ehsan"]
[Black "Borner , Daniel"]
[Result "1-0"]
[WhiteElo "2580"]
[BlackElo "2230"]
[PlyCount "73"]
[EventDate "2011.12.26"]
[SourceDate "2011.12.26"]

1. e4 c5 2. Nf3 d6 3. c3 Nf6 4. Bd3 g6 5. Bc2 Bg7 6. O-O O-O 7. h3 Nc6 8. d4
cxd4 9. cxd4 e5 10. d5 Nb4 11. Bb3 a5 12. Nc3 Na6 13. Be3 b5 14. Nd2 Bd7 15. a4
b4 16. Nb5 Qb8 17. Rc1 Bxb5 18. axb5 Nc7 19. Rc6 Nd7 20. b6 Nb5 21. Nc4 Nd4 22.
Ba4 Nc5 23. Nxd6 Nxa4 24. Bxd4 exd4 25. Qxa4 Rd8 26. b7 Ra7 27. Rc8 Qxd6 28.
Qe8+ Rxe8 29. Rxe8+ Bf8 30. b8=Q Qxb8 31. Rxb8 Kg7 32. e5 Bc5 33. d6 d3 34. Rb5
Bd4 35. Rd5 Bxb2 36. d7 Rxd7 37. Rxd7 1-0

[Event "Weihnachtsopen (M)"]
[Site "Zürich"]
[Date "2011.12.27"]
[Round "3"]
[White "Eidinger , Helmut"]
[Black "Fernandez,  Daniel Howard"]
[Result "0-1"]
[WhiteElo "2126"]
[BlackElo "2344"]
[PlyCount "64"]
[EventDate "2011.12.26"]
[SourceDate "2011.12.26"]

1. e4 c6 2. d4 d5 3. e5 c5 4. dxc5 Nc6 5. Bb5 e6 6. Be3 Nge7 7. c3 Bd7 8. Bxc6
Bxc6 9. Nf3 Nf5 10. Bd4 Nxd4 11. cxd4 b6 12. cxb6 Qxb6 13. Qb3 Qxb3 14. axb3
Be7 15. O-O Kd7 16. Nbd2 Rhc8 17. Rfc1 f5 18. exf6 gxf6 19. Rc2 Bd6 20. Rd1 Bb5
21. Rdc1 Rxc2 22. Rxc2 a5 23. g3 e5 24. Nf1 a4 25. bxa4 Rxa4 26. dxe5 fxe5 27.
Kg2 Bd3 28. Rc1 Rb4 29. Rc3 e4 30. Ne1 Bb5 31. Nc2 Rxb2 32. Nd4 Bxf1+ 0-1

[Event "Weihnachtsopen (M)"]
[Site "Zürich"]
[Date "2011.12.27"]
[Round "3"]
[White "Marzano , Carlo"]
[Black "Knoedler , Dieter"]
[Result "0-1"]
[WhiteElo "2157"]
[BlackElo "2340"]
[PlyCount "62"]
[EventDate "2011.12.26"]
[SourceDate "2011.12.26"]

1. Nc3 d5 2. e3 g6 3. Nf3 Bg7 4. d4 Nf6 5. Be2 O-O 6. Ne5 c5 7. h4 Nc6 8. h5
Qb6 9. hxg6 hxg6 10. g4 cxd4 11. Nxc6 bxc6 12. exd4 Re8 13. Bf4 Qxb2 14. Na4
Qa3 15. Nc5 Qc3+ 16. Kf1 Nd7 17. Nb3 Qb4 18. Qd3 e5 19. Bd2 Qe7 20. Qh3 Nf6 21.
dxe5 Qxe5 22. Re1 Bd7 23. Bc3 Qf4 24. Bd2 Qe4 25. Nc5 Bxg4 26. Bxg4 Qxg4 27.
Qh2 Qc4+ 28. Nd3 Qxc2 29. Rxe8+ Rxe8 30. Bh6 Qxd3+ 31. Kg2 Ng4 0-1

[Event "Weihnachtsopen (M)"]
[Site "Zürich"]
[Date "2011.12.27"]
[Round "3"]
[White "Vogt , Severin"]
[Black "Düssel , Udo"]
[Result "0-1"]
[WhiteElo "2128"]
[BlackElo "2258"]
[PlyCount "64"]
[EventDate "2011.12.26"]
[SourceDate "2011.12.26"]

1. e4 e5 2. Nf3 Nc6 3. Bb5 a6 4. Ba4 Nf6 5. O-O b5 6. Bb3 Nxe4 7. Re1 Nc5 8.
Nxe5 Nxe5 9. Rxe5+ Ne6 10. d4 Bd6 11. Re4 O-O 12. Qh5 Qf6 13. d5 Bc5 14. Be3
Bxe3 15. fxe3 Qxb2 16. Qe5 Qxe5 17. Rxe5 Nc5 18. Nd2 Bb7 19. c4 Rfe8 20. Rxe8+
Rxe8 21. Kf2 f5 22. cxb5 axb5 23. d6+ Nxb3 24. Nxb3 cxd6 25. Nd4 Re5 26. Rc1
Rc5 27. Rb1 Bc6 28. Rb2 g6 29. Kg3 Kg7 30. Kf4 Re5 31. Rb3 Re4+ 32. Kg3 Rg4+
0-1

[Event "Weihnachtsopen (M)"]
[Site "Zürich"]
[Date "2011.12.27"]
[Round "3"]
[White "Martin , Milan"]
[Black "Langwieser , Alexander"]
[Result "0-1"]
[WhiteElo "2105"]
[BlackElo "2069"]
[PlyCount "54"]
[EventDate "2011.12.26"]
[SourceDate "2011.12.26"]

1. e4 c6 2. Nc3 d5 3. Nf3 Bg4 4. h3 Bxf3 5. Qxf3 e6 6. exd5 cxd5 7. g3 Nc6 8.
Bg2 Nf6 9. O-O Be7 10. Qd1 Rc8 11. b3 O-O 12. Bb2 a6 13. a3 b5 14. d3 Qc7 15.
Ne2 Qb6 16. Rc1 Rfd8 17. d4 Bd6 18. Kh2 Ne7 19. Qd2 Ng6 20. f4 Ne7 21. Ng1 h5
22. Nf3 Ne4 23. Qd1 Nf5 24. Ne5 Nexg3 25. Rg1 Qc7 26. c4 Bxe5 27. cxd5 Bxf4 0-1

[Event "Weihnachtsopen (M)"]
[Site "Zürich"]
[Date "2011.12.27"]
[Round "3"]
[White "Gähwiler , Gabriel"]
[Black "Pelletier , Yannick"]
[Result "0-1"]
[WhiteElo "2260"]
[BlackElo "2581"]
[PlyCount "80"]
[EventDate "2011.12.26"]
[SourceDate "2011.12.26"]

1. e4 e6 2. d4 d5 3. e5 c5 4. c3 Qb6 5. Nf3 Nc6 6. a3 c4 7. Nbd2 f6 8. Qe2 fxe5
9. Nxe5 Nxe5 10. dxe5 Bc5 11. g3 Ne7 12. Bg2 O-O 13. O-O Bd7 14. Nf3 Be8 15.
Bg5 Bh5 16. h3 Nc6 17. g4 Bg6 18. Rad1 Rf7 19. Be3 Bd3 20. Bxc5 Bxe2 21. Bxb6
axb6 22. Ng5 Re7 23. f4 Bxf1 24. Rxf1 Rd8 25. Kf2 h6 26. Nf3 d4 27. cxd4 Nxd4
28. Nd2 Nb3 29. Nxc4 Rd4 30. Nd6 Rxf4+ 31. Ke3 Rxf1 32. Bxf1 Kf8 33. Bc4 Na5
34. Bb5 Rc7 35. b4 Nc6 36. Ke4 Ke7 37. Bd3 Na7 38. a4 Nc6 39. b5 Nxe5 40. Kxe5
Rc5+ 0-1

[Event "Weihnachtsopen (M)"]
[Site "Zürich"]
[Date "2011.12.27"]
[Round "3"]
[White "Halkias , Stelios"]
[Black "Kelecevic , Nedeljko"]
[Result "1-0"]
[WhiteElo "2593"]
[BlackElo "2238"]
[PlyCount "83"]
[EventDate "2011.12.26"]
[SourceDate "2011.12.26"]

1. c4 e6 2. Nf3 Nf6 3. g3 d5 4. d4 dxc4 5. Bg2 Bb4+ 6. Nc3 O-O 7. O-O Nc6 8. a3
Be7 9. e4 Rb8 10. Bf4 b5 11. Qe2 Bd7 12. Rad1 Qc8 13. h3 Re8 14. Ne5 h6 15.
Nxd7 Nxd7 16. e5 Nd8 17. Qg4 Kh8 18. Qh5 Bf8 19. Ne4 b4 20. axb4 Rxb4 21. d5
exd5 22. Rxd5 Ne6 23. Rd2 Rb5 24. Ng5 g6 25. Qh4 Kg8 26. Ne4 Be7 27. Qxh6 Nb6
28. Bf3 Nd7 29. Rxd7 Qxd7 30. Rd1 Nd4 31. Bg4 Nf5 32. Rxd7 Nxh6 33. Bxh6 Rxe5
34. Bf3 Rb8 35. Rxc7 Rxb2 36. Rc8+ Kh7 37. Be3 Rd5 38. Rc7 Re5 39. Bd4 Rb1+ 40.
Kg2 Re6 41. Rc8 f6 42. Ng5+ 1-0

[Event "Weihnachtsopen (M)"]
[Site "Zürich"]
[Date "2011.12.27"]
[Round "3"]
[White "Zude 		, Arno"]
[Black "Turov , Maxim"]
[Result "0-1"]
[WhiteElo "2422"]
[BlackElo "2645"]
[PlyCount "88"]
[EventDate "2011.12.26"]
[SourceDate "2011.12.26"]

1. e4 c6 2. Nc3 d5 3. Nf3 Nf6 4. e5 Ne4 5. Ne2 Qb6 6. d4 e6 7. g3 c5 8. Bg2 Bd7
9. O-O Bb5 10. Re1 Nc6 11. c3 Be7 12. Be3 Ba6 13. Nd2 Nxd2 14. Qxd2 cxd4 15.
Bxd4 Qa5 16. f4 Bxe2 17. Rxe2 Nxd4 18. cxd4 Qxd2 19. Rxd2 Rc8 20. Bf1 a6 21.
Bd3 Kd7 22. f5 Bg5 23. Re2 g6 24. fxe6+ fxe6 25. Rf1 Rhf8 26. Rxf8 Rxf8 27. Kg2
Bc1 28. h4 Rc8 29. h5 gxh5 30. Bxh7 h4 31. gxh4 Rh8 32. Bg6 Rxh4 33. Kg3 Rxd4
34. b3 Rd1 35. Bc2 Rf1 36. Kg4 Rg1+ 37. Kf3 Bg5 38. Bg6 Bd8 39. Bh5 Rf1+ 40.
Kg2 Rf8 41. Bg4 Bc7 42. Re1 Ke7 43. Re2 Rg8 44. Kf3 Rg5 0-1

[Event "Weihnachtsopen (M)"]
[Site "Zürich"]
[Date "2011.12.27"]
[Round "3"]
[White "Simon , Ralf-Axel"]
[Black "Schiendorfer , Emanuel"]
[Result "0-1"]
[WhiteElo "2217"]
[BlackElo "2363"]
[PlyCount "70"]
[EventDate "2011.12.26"]
[SourceDate "2011.12.26"]

1. c4 e6 2. d4 d5 3. Nf3 c6 4. Qc2 Nd7 5. Bf4 Ne7 6. h3 dxc4 7. Qxc4 Qb6 8. Qc2
c5 9. Nbd2 Nd5 10. Nc4 Qa6 11. Bd2 cxd4 12. Nxd4 b5 13. Na3 Qb6 14. e3 a6 15.
Be2 Bb7 16. O-O Rc8 17. Qd1 Bd6 18. Rc1 O-O 19. Rxc8 Rxc8 20. Qb1 Bb8 21. Rc1
Rxc1+ 22. Qxc1 Qd6 23. g3 Ne5 24. f4 Nd7 25. Bf3 g6 26. Kh2 e5 27. Nb3 N7b6 28.
Nc5 Bc8 29. e4 Ne7 30. fxe5 Qc6 31. Bg5 Nf5 32. Bf6 Nd7 33. Qd1 Ne3 34. Nxd7
Nxd1 35. Nxb8 Qc5 0-1

[Event "Weihnachtsopen (M)"]
[Site "Zürich"]
[Date "2011.12.27"]
[Round "3"]
[White "Filipovic , Branko"]
[Black "Baramidze , David"]
[Result "0-1"]
[WhiteElo "2396"]
[BlackElo "2597"]
[PlyCount "96"]
[EventDate "2011.12.26"]
[SourceDate "2011.12.26"]

1. e4 c5 2. d3 Nc6 3. g3 g6 4. Bg2 Bg7 5. f4 d6 6. Nf3 Nf6 7. O-O O-O 8. Nc3
Rb8 9. h3 b5 10. g4 b4 11. Ne2 a5 12. Ng3 a4 13. Rb1 Ba6 14. g5 Nd7 15. Rf2 Nd4
16. Be3 Nb5 17. Ne2 Bb7 18. h4 a3 19. b3 f5 20. exf5 Rxf5 21. Bh3 e6 22. h5 Nb6
23. Nh4 Nd5 24. Bd2 Qe8 25. Qf1 Nd4 26. Nxd4 Bxd4 27. Kh2 Bxf2 28. Qxf2 Rf7 29.
Re1 Bc8 30. Qf3 Rf8 31. hxg6 hxg6 32. Qe4 Kg7 33. f5 gxf5 34. Nxf5+ Rxf5 35.
Qxf5 e5 36. Qf3 Qh8 37. Rf1 Qxh3+ 38. Qxh3 Bxh3 39. Kxh3 Re8 40. Kg4 e4 41.
dxe4 Rxe4+ 42. Kf3 Rd4 43. Ke2 Nc3+ 44. Bxc3 bxc3 45. Rd1 Rxd1 46. Kxd1 d5 47.
Ke2 Kg6 48. Kd3 d4 0-1

[Event "Weihnachtsopen (M)"]
[Site "Zürich"]
[Date "2011.12.28"]
[Round "4"]
[White "Stojanovic , Mihajlo"]
[Black "Cherednichenko, Svetlana"]
[Result "1-0"]
[WhiteElo "2591"]
[BlackElo "2261"]
[PlyCount "59"]
[EventDate "2011.12.26"]
[SourceDate "2011.12.26"]

1. d4 g6 2. g3 Bg7 3. Bg2 d6 4. c4 f5 5. Nc3 Nf6 6. Nh3 e6 7. b3 O-O 8. O-O Nc6
9. d5 Nxd5 10. cxd5 Bxc3 11. dxc6 Bxa1 12. cxb7 Bxb7 13. Bxb7 Rb8 14. Bh6 Bg7
15. Bxg7 Kxg7 16. Qd4+ e5 17. Qxa7 g5 18. f4 h6 19. Bd5 Qe7 20. Rc1 Rbc8 21.
fxe5 Qxe5 22. Rxc7+ Rxc7 23. Qxc7+ Kh8 24. Bc4 f4 25. gxf4 Qe3+ 26. Kg2 gxf4
27. Ng1 Re8 28. Kf1 Qe5 29. a4 Qh5 30. Bd3 1-0

[Event "Weihnachtsopen (M)"]
[Site "Zürich"]
[Date "2011.12.28"]
[Round "4"]
[White "Pikula , Dejan"]
[Black "Ramondino , Renzo"]
[Result "1-0"]
[WhiteElo "2535"]
[BlackElo "2255"]
[PlyCount "73"]
[EventDate "2011.12.26"]
[SourceDate "2011.12.26"]

1. e4 e5 2. Nf3 Nc6 3. Bc4 Nf6 4. d3 Be7 5. Bb3 O-O 6. O-O d6 7. c3 Na5 8. Bc2
c5 9. a3 Nc6 10. b4 Qc7 11. Re1 b6 12. h3 a6 13. Nbd2 Rd8 14. Bb2 Bf8 15. Rc1
Ne7 16. Bb3 h6 17. a4 Ng6 18. Nc4 Be6 19. a5 b5 20. Nb6 Rab8 21. c4 bxc4 22.
Bxc4 Bxc4 23. Rxc4 d5 24. exd5 Nxd5 25. bxc5 Bxc5 26. Qc2 Bxb6 27. Rxc7 Bxc7
28. Bxe5 Nxe5 29. Nxe5 Bxa5 30. Rc1 Rb5 31. Qa2 Bc3 32. Nxf7 Kxf7 33. Rxc3 Rd6
34. Ra3 Ke7 35. Rxa6 Rxa6 36. Qxa6 Nc7 37. Qa7 1-0

[Event "Weihnachtsopen (M)"]
[Site "Zürich"]
[Date "2011.12.28"]
[Round "4"]
[White "Lekic , Dusan"]
[Black "Schiendorfer , Florian"]
[Result "1-0"]
[WhiteElo "2405"]
[BlackElo "2222"]
[PlyCount "75"]
[EventDate "2011.12.26"]
[SourceDate "2011.12.26"]

1. d4 d5 2. c4 c6 3. Nf3 Nf6 4. e3 Bf5 5. Nc3 e6 6. Nh4 Bg4 7. Qb3 Qb6 8. c5
Qc7 9. h3 Bh5 10. g4 Bg6 11. Bg2 Be7 12. Bd2 Nbd7 13. Nxg6 hxg6 14. Qd1 e5 15.
O-O g5 16. b4 e4 17. f3 exf3 18. Qxf3 Nf8 19. e4 dxe4 20. Nxe4 Ne6 21. Be3 Rd8
22. Rad1 O-O 23. Nxg5 Nxg5 24. Bxg5 Nd5 25. Bd2 Rd7 26. g5 g6 27. h4 f5 28.
Rfe1 Bd8 29. Re6 Rg7 30. Rde1 Qd7 31. Rd6 Qc8 32. h5 Ne7 33. h6 Rgf7 34. Bf1
Kh7 35. Bc4 Nd5 36. Bxd5 cxd5 37. Bf4 Bc7 38. Rxd5 1-0